| 000 | 00870nam a2200265 4500 | ||
|---|---|---|---|
| 001 | bimo0000193865 | ||
| 003 | OSt | ||
| 005 | 20141203153222.0 | ||
| 008 | 871005s1986 sp 000 spa | ||
| 020 | _a84-344-1060-5 (obra completa) | ||
| 040 | _cBMC | ||
| 082 | _a973 | ||
| 100 | 1 |
_aDegler, Carl N. _928718 |
|
| 245 | 1 | 0 |
_aHistoria de Estados Unidos _cCarl N. Degler ; [traducción, Josefina Guerrero Monforte ; Ignacio Hierro] |
| 250 | _a1ª ed | ||
| 260 |
_aBarcelona _bAriel _c1986 |
||
| 300 |
_a2 v. _c21 cm |
||
| 490 | 0 |
_aAriel _v61, 62 |
|
| 505 | _aContiene: v. 1.: La formación de una potencia (1600-1860).- v. 2.: El desarrollo de una nación (1860-1985) | ||
| 595 | _aTraducción de: Out of our past | ||
| 651 | 2 | 4 |
_aEstados Unidos _xHistoria _91264 |
| 700 | 1 |
_928719 _aGuerrero, Josefina |
|
| 700 | 1 |
_95924 _aHierro, Ignacio |
|
| 942 |
_2ddc _cBK |
||
| 999 |
_c16031 _d16031 |
||